| 000 | 01334namaa22003491i 4500 | ||
|---|---|---|---|
| 003 | EG-GICUC | ||
| 005 | 20260209110213.0 | ||
| 008 | 260209s2006 mr ||||jr|||| 000 0 ara d | ||
| 017 |
_a2006 / 1487 _bالمكتبة الوطنية (المغرب) |
||
| 020 | _a995440947 | ||
| 040 |
_aEG-GiCUC _bara _cEG-GiCUC _dEG-GiCUC _erda |
||
| 082 | 0 | 4 |
_221 _a302.48 _bS116 |
| 092 | 0 | 4 |
_221 _a302.48 _bS116 |
| 099 | _a302.48 S116 | ||
| 100 | 1 |
_aسبيلا، محمد _eمؤلف. |
|
| 245 | 1 | 0 |
_aزمن العولمة : _bفيما وراء الوهم / _cمحمد سبيلا |
| 250 | _aالطبعة الاولى | ||
| 264 |
_aالدار البيضاء (المغرب) : _bدار توبقال للنشر، _c2006. |
||
| 300 |
_a111 صفحة ؛ _c20 سم _bإيضاحيات، صور، مثيليات ؛ Illustrations |
||
| 336 |
_2rdacontent _atext |
||
| 337 |
_2rdamedia _aUnmediated |
||
| 338 |
_2rdacarrier _avolume |
||
| 490 | _aسلسلة المعرفة الفلسفية ؛ | ||
| 504 | _aBibliography: pages 200-250. 240-220 ببليوجرافيا: صفحات. | ||
| 541 |
_aد. جابر عصفور ؛ _bالقاهرة ؛ _cإهداء ؛ _d2024. |
||
| 650 | 1 | 7 |
_aالعولمة _2qrmak |
| 650 | 1 | 7 |
_aالحداثة _2qrmak |
| 650 | 1 | 7 |
_aالديمقراطية _2qrmak |
| 651 | 1 | _2qrmak | |
| 905 | _aNermeen | ||
| 942 |
_2ddc _cBK _e21 _n0 |
||
| 999 |
_c178281 _d178281 |
||